Shafer's Textbook of Oral Pathology (Record no. 24892)

MARC details
000 -LEADER
fixed length control field 00356nam a22001577a 4500
003 - CONTROL NUMBER IDENTIFIER
control field SGT
020 ## - INTERNATIONAL STANDARD BOOK NUMBER
International Standard Book Number 9788131255452
082 ## - DEWEY DECIMAL CLASSIFICATION NUMBER
Classification number 616.0707
Item number S22S
100 ## - MAIN ENTRY--PERSONAL NAME
Personal name Sivapathasundharam, B>
245 ## - TITLE STATEMENT
Title Shafer's Textbook of Oral Pathology
250 ## - EDITION STATEMENT
Edition statement 9th
260 ## - PUBLICATION, DISTRIBUTION, ETC. (IMPRINT)
Name of publisher, distributor, etc Elsevier
Year of Publication 2022
300 ## - PAGE DESCRIPTION
No. of Pages 797
650 ## - SUBJECT ADDED ENTRY--TOPICAL TERM
Topical term or geographic name as entry element Oral Pathology
942 ## - ADDED ENTRY ELEMENTS (KOHA)
Source of classification or shelving scheme Dewey Decimal Classification
Koha item type Books
942 ## - ADDED ENTRY ELEMENTS (KOHA)
-- 176
Holdings
Withdrawn status Lost status Source of classification or shelving scheme Damaged status Not for loan Home library Current library Shelving location Date acquired Vendor Name SGTU Bill Number Total Checkouts Total Renewals Full call number Accession No. (Barcode) Date last seen Date last borrowed Bill Date Koha item type
    Dewey Decimal Classification     SGT Dental Library SGT Dental Library Text Book 26/08/2023 Ahuja Book Co. Pvt. Ltd. SGTU 16974 56 1 616.0707 S22S FD9276 11/02/2026 11/02/2026 28/06/2023 Books
    Dewey Decimal Classification     SGT Dental Library SGT Dental Library Text Book 26/08/2023 Ahuja Book Co. Pvt. Ltd. SGTU 16974 33   616.0707 S22S FD9277 16/12/2025 16/12/2025 28/06/2023 Books
    Dewey Decimal Classification     SGT Dental Library SGT Dental Library Text Book 26/08/2023 Ahuja Book Co. Pvt. Ltd. SGTU 16974 47   616.0707 S22S FD9278 12/02/2026 12/02/2026 28/06/2023 Books
    Dewey Decimal Classification     SGT Dental Library SGT Dental Library Text Book 26/08/2023 Ahuja Book Co. Pvt. Ltd. SGTU 16974 45   616.0707 S22S FD9279 12/06/2025 24/05/2025 28/06/2023 Books
    Dewey Decimal Classification     SGT Dental Library SGT Dental Library Text Book 26/08/2023 Ahuja Book Co. Pvt. Ltd. SGTU 16974 44   616.0707 S22S FD9280 11/12/2025 11/12/2025 28/06/2023 Books